000 00356nam a2200145Ia 4500
008 151213s9999 xx 000 0 und d
100 _aT. S Eliot
245 _aWilson Knight The Wheel of Fine
_cT. S Eliot
260 _aLondon
_bRoutldge
_c2001
300 _a3636 p.
650 _aEnglish
650 _aEnglish
700 _aT. S Eliot
999 _c2423
_d2423